MARC

LEADER 00000nam0a2200000 4500
001 261694
005 20231101233603.0
010 |a 5229001429 
035 |a (RuTPU)RU\TPU\book\284675 
090 |a 261694 
100 |a 20140526d1988 k y0rusy50 ca 
101 0 |a rus 
102 |a RU 
105 |a a z 001zy 
200 1 |a Бескоксовая переработка титаномагнетитовых руд  |f под ред. С. Г. Братчикова 
210 |a Москва  |c Металлургия  |d 1988 
215 |a 247 с.  |c ил. 
320 |a Библиогр.: с. 241-246 
606 1 |a Электрометаллургия специальная  |2 stltpush  |3 (RuTPU)RU\TPU\subj\20248  |9 45361 
610 1 |a переработка 
610 1 |a магнетитовые руды 
610 1 |a черная металлургия 
610 1 |a металлизация 
610 1 |a физико-химические свойства 
610 1 |a нагрев 
610 1 |a электроплавка 
610 1 |a теплообмен 
675 |a 669.187  |v 3 
702 1 |a Братчиков  |b С. Г.  |4 340 
801 1 |a RU  |b 63413507  |c 20140526 
801 2 |a RU  |b 63413507  |c 20160606  |g RCR 
942 |c BK